Stemmi Squadre di calcio - UEFA - Quiz n°12 - Statistics

Statistiche generali
  • Questo quiz è stato fatto 197 volte
  • Il punteggio medio è 9 su 10
Statistiche sulle risposte
con Immagini Risposta % Corretto
Como 1907
99%
Futbol Club Barcelona
99%
Spezia Calcio
99%
Football Club de Nantes
98%
Alkmaar Zaanstreek
95%
Charlton Athletic Football Club
95%
Racing Club de Strasbourg Alsace
94%
Rayo Vallecano de Madrid
83%
Rosenborg Ballklub
61%
Profesionalen Futbolen Klub CSKA
42%
Nessun quiz corrispondente trovato
Distribuzione punteggi
Percentuale di utenti per punteggio
Percentile per numero di risposta
I tuoi punteggi nel tempo
Non hai fatto questo quiz